COMRàdio, Xarxa Local : XTVL, Xarxa de Televisions Locals : el diari digital LaMalla.net XTVL, Xarxa de Televisions Locals :
Descripción Física:
28 f. : il. ; 21 cm
MARC
| LEADER | 00000nam a2200000Ia 4500 | ||
|---|---|---|---|
| 001 | 20488 | ||
| 008 | 160829s2008 xx 000 0 cat d | ||
| 080 | |a FU-12-49 | ||
| 245 | |a COMRàdio, Xarxa Local : |b XTVL, Xarxa de Televisions Locals : |b el diari digital LaMalla.net | ||
| 260 | |a Barcelona : |b Xarxa Audiovisual Local. Departament de Comunicació, |c 2008 | ||
| 300 | |a 28 f. : |b il. ; |c 21 cm | ||
| 590 | |a Text en català, castellà i anglès | ||
| 610 | 1 | 0 | |a Xarxa de Televisions Locals |9 52749 |
| 650 | |a COMRàdio |x Història |9 23214 | ||
| 650 | 0 | |a Premsa |x Catalunya |9 46045 | |
| 700 | |a COMRàdio |9 23217 | ||
| 700 | |a Xarxa de Televisions Locals | ||
| 710 | 2 | |a Xarxa Audiovisual Local |9 54066 | |
| 901 | |a Arxiu | ||
| 942 | |n 1 | ||
| 952 | |0 0 |1 0 |4 0 |6 FU1249 |7 1 |9 52781 |a Arxiu |b Arxiu |d 2016-12-01 |l 0 |o FU-12-49 |p 20488 |r 2016-12-01 00:00:00 |w 2016-12-01 |y ARXIU | ||
| 999 | |c 56630 |d 56630 | ||